| 000 | 00655nam a22002297a 4500 | ||
|---|---|---|---|
| 005 | 20220517124915.0 | ||
| 008 | 220517b ||||| |||| 00| 0 eng d | ||
| 020 | _a9789381667835 | ||
| 040 |
_aIN-DiNC _cIN-DiNC |
||
| 041 | _dasm | ||
| 082 | _a320.01154 | ||
| 100 |
_aPal Kripesh Chandra _eauthor |
||
| 245 |
_aBharatiya Rajnaitik Chintadhara II _cby Kripesh Chandra Pal |
||
| 250 | _a1st ed. | ||
| 260 |
_aGuwahati _bArun Prakashan _c2022 |
||
| 300 | _a239p. | ||
| 650 | _aIndian political thought II | ||
| 700 |
_aPratul Chandra Pal _eauthor |
||
| 700 |
_aJayanta Krishna Sharma _eauthor |
||
| 700 |
_aDiganta Kalita _eauthor |
||
| 942 |
_2ddc _cBK |
||
| 999 |
_c11281 _d11281 |
||